UBT Library

Clinical phonocardiography and external pulse recording (Record no. 47051)

000 -LEADER
fixed length control field 00573cam a2200217 4500
001 - CONTROL NUMBER
control field 1237882
005 - DATE AND TIME OF LATEST TRANSACTION
control field 20180813074605.0
008 - FIXED-LENGTH DATA ELEMENTS--GENERAL INFORMATION
fixed length control field 730221s1972 ilua b 001 0 eng
010 ## - LIBRARY OF CONGRESS CONTROL NUMBER
LC control number 70165964
020 ## - INTERNATIONAL STANDARD BOOK NUMBER
International Standard Book Number 0815187246
040 ## - CATALOGING SOURCE
Original cataloging agency DLC
Transcribing agency DLC
Modifying agency DLC
041 ## - LANGUAGE CODE
Language code of text/sound track or separate title eng
080 ## - UNIVERSAL DECIMAL CLASSIFICATION NUMBER
Universal Decimal Classification number 616.12 TAV
082 00 - DEWEY DECIMAL CLASSIFICATION NUMBER
Classification number 616.12 TAV
100 1# - Rafti
Rafti 7
101 ## - Shkurtesa
Shkurtesa KAR
245 10 - TITLE STATEMENT
Title Clinical phonocardiography and external pulse recording
Statement of responsibility, etc [by] Morton E. Tavel.
504 ## - BIBLIOGRAPHY, ETC. NOTE
Bibliography, etc Bibliography: p. 293-309.
906 ## - LOCAL DATA ELEMENT F, LDF (RLIN)
a 7
b cbc
c orignew
d 2
e ncip
f 19
g y-gencatlg
942 ## - ADDED ENTRY ELEMENTS (KOHA)
Source of classification or shelving scheme
Item type Books
Holdings
Withdrawn status Lost status Source of classification or shelving scheme Damaged status Not for loan Collection code Permanent location Current location Shelving location Date acquired Total Checkouts Full call number Barcode Date last seen Price effective from Koha item type
          Koleksioni i përgjithshem UBT - Lipjan UBT - Lipjan Koleksioni i përgjithshem 08/13/2018   616.12 TAV 002-3010997 08/13/2018 08/13/2018 Books
UBT Library © 2015-2024. All rights reserved University Education for Business and Technology